| 000 | 00916cam a22002772 4500 | ||
|---|---|---|---|
| 999 |
_c5610 _d5610 |
||
| 001 | 012825162 | ||
| 003 | UkOxU | ||
| 005 | 20220422072512.0 | ||
| 008 | 850328s1949 enkaf 001 0 eng d | ||
| 035 | _aOCLC ocm11857075 from D970820M | ||
| 040 |
_aEUW _cALUPE UNIVERSITY _dEQO |
||
| 050 |
_aQR41 _b.F35 1950 |
||
| 096 |
_aQW4 _b1950 _fF16t |
||
| 100 | 1 |
_aFairbrother, R. W. _q(Ronald Wilson) |
|
| 245 | 1 | 2 |
_aA text-book of bacteriology / _cby R.W Fairbrother. |
| 250 | _a6th ed. | ||
| 260 |
_aLondon : _bW. Heinemann, _cc1950. |
||
| 300 |
_aviii, 484 p., 6 leaves of plates : _bill. (some col.) ; _c23 cm. |
||
| 500 | _aFirst edition, 1937, published under title: A text-book of medical bacteriology. | ||
| 500 | _aIncludes index. | ||
| 650 | 0 | _aBacteriology. | |
| 650 | 0 | _aMedical bacteriology. | |
| 650 | 2 | _aBacteriology | |
| 942 |
_2lcc _cBK _nAB |
||